WWE - Name a Valid Answer #2 - Statistics

General Stats
  • This quiz has been taken 378 times
  • The average score is 13 of 15
Answer Stats
Name a wrestler that ... Valid answer(s) % Correct
defeated The Undertaker at WrestleMania Brock Lesnar | Roman Reigns
99%
has won any version of a WWE Tag Team Championship with Edge Chris Benoit | Chris Jericho | Christian | Hollywood Hulk Hogan | Randy Orton | Rey Mysterio
99%
beat Triple H in a singles match at WrestleMania Batista | Daniel Bryan | John Cena | Kane | Roman Reigns | Seth Rollins | The Ultimate Warrior | The Undertaker
97%
won the Money in the Bank Ladder match in 2010 or before CM Punk | Edge | Jack Swagger | Kane | The Miz | Mr. Kennedy | Rob Van Dam
97%
has won any version of a WWE Tag Team Championship with Kane The Big Show | Daniel Bryan | The Hurricane | Mankind | Rob Van Dam | The Undertaker | X-Pac
94%
won the 24/7 Championship 10 times or more Akira Tozawa | Dana Brooke | Nikki Cross | R-Truth
91%
has spent over 4 hours combined in Royal Rumble matches Chris Jericho | Cody Rhodes | Randy Orton | Rey Mysterio | Triple H
91%
won the King of the Ring tournament in the 1990's Billy Gunn | Bret Hart | Ken Shamrock | Mabel | Owen Hart | Stone Cold Steve Austin | Triple H
87%
was a member of Team Authority in the main event of the 2014 Survivor Series Kane | Luke Harper | Mark Henry | Rusev | Seth Rollins
86%
has competed in 4 or more Women's Money in the Bank matches Becky Lynch | Carmella | Naomi | Natalya
83%
has won the Women's Tag Team Championship 3 times or more Alexa Bliss | Asuka | Nikki Cross | Raquel Rodriguez | Sasha Banks | Shayna Baszler
81%
has won the WWE Championship, the World Heavyweight Championship and the ECW Championship The Big Show | CM Punk | Kane
79%
has been a male entrant into the women's Royal Rumble match Santino Marella
75%
was on a Bragging Rights match winning team (in 2009 or 2010) Alberto Del Rio | The Big Show | Chris Jericho | David Hart Smith | Edge | Finlay | Jack Swagger | Kane | Kofi Kingston | Matt Hardy | R-Truth | Rey Mysterio | Tyler Reks | Tyson Kidd
74%
won the European Championship in the year 2001 Bradshaw | Christian | Eddie Guerrero | The Hurricane | Matt Hardy | Test
69%
No matching quizzes found
Score Distribution
Percent of People with Each Score
Percentile by Number Answered
Your Score History
You have not taken this quiz